| 000 | 01087cam a2200313 a 4500 | ||
|---|---|---|---|
| 999 |
_c1565 _d1565 |
||
| 001 | 401576 | ||
| 003 | OSt | ||
| 005 | 20230112112427.0 | ||
| 008 | 220712s2017 enka c 000 0 eng d | ||
| 020 |
_a9781408331644 _q(pbk.) : |
||
| 037 | _b公共圖書館臺東分區資源中心 | ||
| 040 |
_aNF _cTTCT _dTTCT _dKH8 |
||
| 042 | _anbic | ||
| 082 | 0 |
_a823.92 BRI _bB855 |
|
| 100 | 1 |
_aBright, Rachel. _eauthor |
|
| 245 | 1 | 4 |
_aThe koala who could / _cRachel Bright, Jim Field. |
| 260 |
_aLondon : _bOrchard, _c2017. |
||
| 300 |
_a1 v. (unpaged) : _bcol. ill. ; _c30 cm. |
||
| 500 | _aOriginally published : 2016. | ||
| 520 | _aMeet Kevin, a koala who likes to keep everything exactly the same. But when change comes along uninvited one day, Kevin discovers life can be new and wonderful. | ||
| 650 | 0 |
_aKoala _vJuvenile fiction. |
|
| 650 | 0 |
_aAnimals _zAustralia _vJuvenile fiction. |
|
| 650 | 0 |
_aChange _vJuvenile fiction. |
|
| 650 | 0 |
_aFriendship _vJuvenile fiction. |
|
| 653 | _a英語學習 | ||
| 653 | _a青少年 | ||
| 700 | 1 |
_aField, Jim, _d1980- _eauthor |
|
| 942 |
_2ddc _cNFIC |
||